000 00711nam a2200265Ia 4500
001 33166
005 20240114001637.0
007 ta
008 080101s1998 ii a g b000 u 465 u
040 _aCotton College,Assam
041 _a465
082 _a301
_bSh 11 So
100 _aSharma, Rajendra Kumar.
245 0 _aSocial Disorganisation /
_cRajendra Kumar Sharma.
_hTextual Documents
250 _a1st ed. /
260 _aNew Delhi :
_bAtlantic Publishers ,
_c©1998.
300 _aviii,130p. :
_bill ;
_c22cm .
504 _aBib.
653 _aSociology
653 _aSocial Disorganisation
653 _aG-Sociology
942 _2ddc
_cBK
999 _c33148
_d33148